Вырезки из русских газет о болезни и смерти императора Александра III. "Московские ведомости"

Доступно только в Электронных читальных залах Найти на картеНа карте
RUSMARC
00005338cac2a2200000#x 450
0011e32eea0-cb67-4ae7-9f40-1f906376f802
00520200304104821.0
100##$a20140617l18941894k l0rusy0189 ca
1010#$arus
102##$aRU
2001#$aВырезки из русских газет о болезни и смерти императора Александра III. "Московские ведомости"
$j1894 г.
251##$cДело
300##$aПечатный текст
801#0$aRU
$bРГИА
$c20140617
801#1$aRU
$bГлавНИВЦ
$c20140617
$2rusmarc
801#2$aRU
$bПБ им. Б.Н. Ельцина
$c20171003
$gRCR
$2rusmarc
850##$aФедеральное казенное учреждение "Российский государственный исторический архив" (РГИА)
852##$aРГИА
$j398 в)
937##$hРГИА
$d12097052
$aASBIBLIO_SCAN
462#0$1001c0aebd74-6096-49b1-b6be-ea214839d8aa
$12001
$aДоклады, обзоры и вырезки из русской и иностранной периодической печати
$vД. 398 в)
$1251
$cОпись
$1852
$j1
461#0$100170bfa5a4-889e-44db-9b74-75899b008a1e
$12001
$aОбзоры печати, выписки и вырезки из печати (коллекция)
$1251
$cФонд
$1852
$j1470
215##$a50 листов
$d36,5х26 см
371##$aДокумент не является опубликованным и широко распространяемым
105##$ay###
1220#$ad1894######
035##$a1e32eea0-cb67-4ae7-9f40-1f906376f802
856##$uhttp://readingroom.main.prlib.ru/item.aspx?id_node=n106049235&mode=full
6061#$2nlr_sh
$3RU\NLR\AUTH\661422969
$aПериодическая печать
$xИстория
$yРоссия
$z1891 - 1918
600#0$2prlib_sh
$3LIBNET\UAF\0000088096
$aАлександр
$dIII
$cимператор российский
$f1845-1894
$xБолезнь и смерть
$jПериодические издания
686##$2rubbk
$a63.3(2)522-332
$vLBC/M
686##$a76.02
$vLBC/M
$2rubbk
605##$2acquisition_Prlib
$3LIBNET\UAF\0000008152
$aДом Романовых
$lколлекция
605##$2acquisition_Prlib
$3DITM\AF\0000002775
$aВласть
$lколлекция
605##$aРоссия в лицах
$lколлекция
$2acquisition_Prlib
$3DITM\AF\0000004166
Формат отображения